Normal view
MARC view
Entry Topical Term
001 - CONTROL NUMBER
- control field: 3687
003 - CONTROL NUMBER IDENTIFIER
- control field: dpl
005 - DATE AND TIME OF LATEST TRANSACTION
- control field: 20100731163825.0
008 - FIXED-LENGTH DATA ELEMENTS
- fixed length control field: 100731|||a|||||| | ||| d
040 ## - CATALOGING SOURCE
- Original cataloging agency: dpl
- Transcribing agency: dpl
150 ## - HEADING--TOPICAL TERM
- Topical term or geographic name as entry element:
- Form subdivision: Mahabhasya (patanjali)
670 ## - SOURCE DATA FOUND
- Source citation: Work cat.: (dpl)38490: Sastri, S. P. Subrahmanya 3686, Lectures on patanjali's mahabhasya ;, 2009
670 ## - SOURCE DATA FOUND
- Source citation: Work cat.: (dpl)38490: Sastri, S. P. Subrahmanya 3686, Lectures on patanjali's mahabhasya ;, 2009
